000 00621nam a22002297a 4500
003 UA-OsUOA
001 98775
007 ta
008 20130417b un ||||| |||| 00| 0 ukr d
100 _aРуставелі Ш.
090 _a821.313.1
_bР89
942 _cBK
040 _aUA-OsUOA
_brus
_cUA-OsUOA
_dUA-OsUOA
245 _aВитязь у тигровій шкурі
300 _a302 с.
955 _a3
041 _arus
080 _a821.313.1
260 _aК.
_bХудожня література
_c1950
650 7 _a82 Література. Літературознавство
_2UDC
999 _c384842
_d384842